| 000 | 00406nam a2200169Ia 4500 | ||
|---|---|---|---|
| 001 | 9296 | ||
| 008 | 140326s9999 xx 000 0 und d | ||
| 020 | _a0-566-05096-x | ||
| 040 | _cPK-LaUMT | ||
| 082 |
_a 261.850941 _bBUS- |
||
| 100 | _aJeremy, David J., Ed. | ||
| 245 |
_aBusiness and religion in Britain _cJeremy, David J., Ed. |
||
| 260 | _c1988 | ||
| 300 | _a216 p. | ||
| 546 | _aEN | ||
| 942 | _cBK | ||
| 999 |
_c10460 _d10460 |
||